| 000 | 00424pab a2200169 454500 | ||
|---|---|---|---|
| 008 | 180718b2005 xxu||||| |||| 00| 0 eng d | ||
| 100 | _aFerreira, I.W. | ||
| 245 | _aCurbing corruption in the Republic of South Africa | ||
| 260 | _c2005 | ||
| 300 | _ap.15-21. | ||
| 362 | _aSummer | ||
| 650 | _aCorruption - South Africa | ||
| 650 | _aCorruption | ||
| 700 | _aBayat, M.S. | ||
| 773 | _aPublic Manager | ||
| 909 | _a67684 | ||
| 999 |
_c67684 _d67684 |
||